01741 2200433 4500001002100000005001500021035002000036007000300056008004100059020002200100040002200122082001600144084001800160090002200178090002200200100005900222245024500281250003100526300003000557650003000587700004900617700006200666700003600728700006500764700005600829700004100885700002900926700004600955700005401001700005601055700003601111264003001147336002101177337003001198338002301228850001201251999002201263990002201285INLIS00000000085822120210405120210 a0010-0421000126ta210405s2002 yoi g j ind d a978-623-93190-1-4 aYOPDYOGbinderda04223a808.301 a808.301 MAI e aDEP 808.301 MAI e aCB-D.11 2020-17400 aMaillaePengarangtEs teh manis dan obrolan di trotoar10aEs teh manis dan obrolan di trotoar :bantologi cerpen /cMailla, Dini Jamilah, Zhafirah Thalia Carissa, Ane Ainun, Avika Meidastiani Inggar Sari, Bayu Prastiyo, Devina Kwan, Djocker, Fanissa Narita, Iis Chintya, Irene Yasinta, Masrul Ummah aCetakan pertama: Mei, 2020 aviii, 97 halaman ;c18 cm 4aCerita pendek--xKumpulan0 aDini JamilahePengarangtSundal atas semesta0 aZhafirah Thalia CarissaePengarangtLayang-layang terbang0 aAne AinunePengarangtKeajaiban0 aAvika Meidastiani Inggar SariePengarangtA symphony of wave0 aBayu PrastiyoePengarangtMarkus kerasukan jin kota0 aDevina KwanePengarangtSalah target0 aDjockerePengarangtZ1450 aFanissa NaritaePengarangtThe cursed one0 aIis ChintyaePengarangtKartini dalam genggamanku0 aIrene YasintaePengarangtAku bahagia untukmu, tuan0 aMasrul UmmahePengarangtJelita31aBantul :bPenerbit,c2020 2rdacontentateks 2rdamediaatanpa perantara 2rdacarrieravolume aYOPDYOG aCB-D.11/2020-1740 aCB-D.11/2020-1740